| 000 | 01576nam a2200229Ia 4500 | ||
|---|---|---|---|
| 003 | Ost | ||
| 005 | 20260416102402.0 | ||
| 008 | 260416s9999||||xx |||||||||||||| ||und|| | ||
| 040 | _cfsecg | ||
| 041 | _aara | ||
| 082 | _a1.4 | ||
| 100 |
_aعينوس، رضوان _eمؤلف |
||
| 245 | 0 |
_aمنهجية 2 : _bموجهة لطلبة السنة الثانية علوم المالية و المحاسبة / _c رضوان عينوس |
|
| 260 |
_aالجزائر _bجامعة الجزائر3: كلية العلوم الإقتصادية، العلوم التجارية وعلوم التسيير _c2023 |
||
| 300 |
_a131 ورقة _bايضاحات _c12 سم |
||
| 504 | _aالمراجع | ||
| 520 | _aتطرقت الدراسة لمنهجية البحث العلمي ، من خلال أهدافه ومستوياته، وأهميته، معايير البحث الجيد، أخلاقيات البحث العلمي، أنواع مناهج البحث، التاريحي، الوصفي، التجريبي،الاستقرائي، مراحل إعداد البحث العلمي، طرق جمع البيانات وتنظيمها وتسجيلها، وتحليل المعاومات واستنباط النتائج، معالجة البيانات، كتابة تقرير البحث، منهجية اعداد تقرير التربص. | ||
| 653 | _aالبحث العلمي | ||
| 653 | _aمناهج البحث | ||
| 710 |
_aجامعة الجزائر3: كلية العلوم الإقتصادية، العلوم التجارية وعلوم التسيير _eناشر علمي |
||
| 942 | _cHANDOUT | ||
| 999 |
_c41470 _d41470 |
||